000 00410nam a2200169Ia 4500
008 230524s9999 xx 000 0 und d
020 _a8188114596
082 _a621.3815
_bRAJ
100 _aP. Raja
_941962
245 0 _a"Digital Electronics, "
250 _a3
260 _aNew Delhi
_bUmesh Publi.
_c2007
300 _a"IX,617p;"
500 _aQuantity Number: 1
650 _aElectronics
942 _cBK
999 _c56376
_d56376